أسس الميتافيزيقية للمنطق الارسطى/
محفوظ في:
| المؤلف الرئيسي: | |
|---|---|
| مؤلفون آخرون: | |
| التنسيق: | أطروحة |
| اللغة: | Arabic |
| منشور في: |
Misr :
Jami'at al-Mهnufiyah,
1995.
|
| الموضوعات: | |
| الوسوم: |
إضافة وسم
لا توجد وسوم, كن أول من يضع وسما على هذه التسجيلة!
|
| LEADER | 014160000a22003370004500 | ||
|---|---|---|---|
| 001 | 486727 | ||
| 005 | 20100409115700.0 | ||
| 008 | 1995 s ara | ||
| 035 | |a (Sirsi) 486727 | ||
| 040 | |a UIAM |b eng | ||
| 041 | |a ara | ||
| 050 | |a B434 | ||
| 100 | 1 | |a نظيف، مدحت محمد محمود ابراهيم | |
| 242 | 1 | 0 | |a Usus al-mitafiziqiyah lil-mantiq al-Aristi |
| 245 | 1 | 0 | |a أسس الميتافيزيقية للمنطق الارسطى/ |c نظيف مدحت محمد محمود ابراهيم |
| 260 | |a Misr : |b Jami'at al-Mهnufiyah, |c 1995. | ||
| 300 | |a l, 251 leaves ; |c 30 cm | ||
| 500 | |a "Risalah li-nayl darajat al-Dukturah fi al-Falsafah." On-- t. p. | ||
| 502 | |a Thesis (Ph.D.)--Jami'at al-Minufiyah, |c 1995. | ||
| 504 | |a Includes bibliographical and references.(251-237) | ||
| 596 | |a 1 | ||
| 600 | |a Aristotle |x Logic | ||
| 600 | |a Aristotle |x Metaphysics | ||
| 650 | |a Metaphysics | ||
| 655 | |a Theses, Facsimile edition (Islamic) | ||
| 700 | |a Nazif, Madhat Muhammad Mahmud Ibrahim | ||
| 710 | |a Jami'at al-Minufiyah. |b Kulliyat al-Adab. Qism al-Falsafah | ||
| 710 | |a جامعة المنوفية. |b كلية الآداب. قسم الفلسفة | ||
| 900 | |a pts-mb-ami | ||
| 999 | |c 432871 |d 465278 | ||
| 952 | |0 0 |6 TI B 434 N335U 1995 |7 0 |8 THESES |9 752317 |a IIUM |b IIUM |c MULTIMEDIA |g 346.50 |o ti B 434 N335U 1995 |p 00011162136 |r 2017-10-23 |t 1 |v 346.50 |y THESIS | ||
